[Event "Saturday Night Fever 24.00"]
[Site "SchemingMind.com"]
[Date "2018.10.14"]
[Round "-"]
[White "spoke"]
[Black "frankly"]
[Result "0-1"]
[WhiteCountry "GER"]
[BlackCountry "ENG"]
[WhiteElo "1863"]
[WhiteRD "66"]
[BlackElo "2589"]
[BlackRD "71"]
[GameID "433545"]

1. e4 c5 2. Nf3 Nc6 3. d4 cxd4 4. Nxd4 e5 5. Nb5 d6 6. c4 Be7 7. N1c3 a6 8. Na3 f5 9. Bd3 f4 10. Nd5 Nf6
11. Bd2 O-O 12. Nc2 Qe8 13. Nc7 Qg6 14. Nxa8 Qxg2 15. Rf1 Ng4 16. Qe2 f3 17. Qd1 Nxh2
0-1

[Event "Saturday Night Fever 24.00"]
[Site "SchemingMind.com"]
[Date "2018.10.25"]
[Round "-"]
[White "maro"]
[Black "grabapawn"]
[Result "0-1"]
[WhiteCountry "MEX"]
[BlackCountry "USA"]
[WhiteElo "1461"]
[WhiteRD "63"]
[BlackElo "1512"]
[BlackRD "81"]
[GameID "433774"]

1. e4 d6 2. d4 Nf6 3. Bc4 e6 4. Nc3 Be7 5. Nf3 c6 6. b3 b5 7. Bd3 Nbd7 8. e5 Nd5 9. Nxd5 exd5 10. exd6 Bxd6
11. g3 Nf6 12. Bg5 Qe7+ 13. Be2 Bh3 14. Qd3 h6 15. Bd2 Ne4 16. Be3 Bb4+ 17. Kd1 Nc3+ 18. Kc1 Ba3+ 19. Kd2 Bb4 20. Kc1 Ba3+
21. Kd2 Bb4 22. Kc1 Nxe2+ 23. Qxe2 Ba3+ 24. Kd1 O-O 25. Ne5 Qb4 26. Bd2 Qe7 27. Qh5 Bg2 28. Rg1 Be4 29. Nxc6 Qc7 30. Nb4 a5
31. Nxd5 Qxc2+ 32. Ke1 Bxd5 33. Rc1 Bxc1 34. Bxc1 Qxc1+ 35. Ke2 Rae8+ 36. Kd3 Be4+ 37. Ke2 Bg2+ 38. Kd3 Bf1+
0-1

[Event "Saturday Night Fever 24.00"]
[Site "SchemingMind.com"]
[Date "2018.10.25"]
[Round "-"]
[White "grabapawn"]
[Black "maro"]
[Result "1/2-1/2"]
[WhiteCountry "USA"]
[BlackCountry "MEX"]
[WhiteElo "1512"]
[WhiteRD "81"]
[BlackElo "1461"]
[BlackRD "63"]
[GameID "433775"]

1. d4 e6 2. Bf4 g5 3. Be5 f6 4. Bg3 d5 5. e3 h5 6. h4 g4 7. Bd3 f5 8. Nd2 Bd6 9. f4 gxf3 10. Be5 fxg2
11. Rh2 Bxe5 12. dxe5 Nc6 13. Qf3 Nxe5 14. Qg3 Ng4 15. Rxg2 Qf6 16. O-O-O Ne7 17. Re1 c5 18. Ngf3 c4 19. Be2 Nxe3 20. Rf2 c3
21. Bb5+ Bd7 22. Bxd7+ Kxd7 23. Rxe3 cxd2+ 24. Rxd2 Rhg8 25. Qh2 Rac8 26. Ne5+ Ke8 27. Rde2 Nc6 28. Nxc6 Rxc6 29. Qb8+ Qd8 30. Rxe6+ Rxe6
31. Rxe6+ Kd7 32. Qxd8+ Rxd8 33. Rh6 Rf8 34. Rxh5 f4 35. Kd1 f3 36. Ke1 f2+ 37. Kf1 d4 38. Rd5+ Ke6 39. Rxd4 Ke5 40. Rd2 Ke4
41. Rxf2 Rxf2+ 42. Kxf2 Kf4 43. Ke2 Kg4 44. Ke3 Kxh4 45. Kd4 Kg3 46. a4 Kf3 47. c4 Ke2 48. Kc3 Ke3 49. b4 Ke4 50. a5 Ke5
51. Kd3 Kd6 52. Kd4 a6 53. c5+ Kc6 54. Kc4 Kc7 55. Kd5 Kd7 56. Kd4 Kc6 57. Kc4 Kd7=
1/2-1/2

[Event "Saturday Night Fever 24.00"]
[Site "SchemingMind.com"]
[Date "2018.10.30"]
[Round "-"]
[White "Robert Bruce"]
[Black "davidcook"]
[Result "0-1"]
[WhiteCountry "SCO"]
[BlackCountry "ENG"]
[WhiteElo "2311"]
[WhiteRD "68"]
[BlackElo "2387"]
[BlackRD "61"]
[GameID "434048"]

1. c4 e5 2. g3 f5 3. d4 e4 4. Nc3 Nf6 5. Bg5 Be7 6. h4 O-O 7. Nh3 h6 8. Bxf6 Bxf6 9. c5 d6 10. Qb3+ Kh8
11. cxd6 Nc6 12. Nf4 Nxd4 13. dxc7 Qe8 14. Qd1 Be6 15. Rc1 Rf7 16. Ncd5 Bxd5 17. Nxd5 Rd7 18. Qa4 Be5 19. Bg2 Kh7 20. Nc3 Rc8
21. e3 b5 22. Qa3 Nf3+ 23. Bxf3 exf3 24. Nxb5 a6 25. e4 axb5 26. Qxf3 Bxb2 27. Rc2 Rdxc7 28. Rxc7 Rxc7 29. O-O Qxe4 30. Qxe4 fxe4
31. Re1 Rc1 32. Rxc1 Bxc1 33. g4 g5 34. h5 Kg7 35. Kh1 Kf6
0-1

[Event "Saturday Night Fever 24.00"]
[Site "SchemingMind.com"]
[Date "2018.10.30"]
[Round "-"]
[White "davidcook"]
[Black "Robert Bruce"]
[Result "1/2-1/2"]
[WhiteCountry "ENG"]
[BlackCountry "SCO"]
[WhiteElo "2356"]
[WhiteRD "63"]
[BlackElo "2317"]
[BlackRD "68"]
[GameID "434049"]

1. e4 c6 2. d4 d5 3. e5 Bf5 4. Nf3 e6 5. Be2 c5 6. Be3 cxd4 7. Nxd4 Ne7 8. c4 Nbc6 9. Qa4 a6 10. Nc3 dxc4
11. O-O-O Qa5 12. Qxa5 Nxa5 13. Nxf5 Nxf5 14. Bb6 Nc6 15. f4 Rc8 16. g4 Nh4 17. Rhf1 Be7 18. Kb1 h5 19. g5 Nb4 20. a3 Nd3
21. Bxd3 cxd3 22. Rxd3 Rc6 23. Bg1 O-O 24. Ne4 Rfc8 25. Rd7 R8c7 26. Rxc7 Rxc7 27. Ng3 g6 28. Rc1=
1/2-1/2

[Event "Saturday Night Fever 24.00"]
[Site "SchemingMind.com"]
[Date "2018.10.31"]
[Round "-"]
[White "William Lindberg"]
[Black "frankly"]
[Result "1/2-1/2"]
[WhiteCountry "USA"]
[BlackCountry "ENG"]
[WhiteElo "2503"]
[WhiteRD "67"]
[BlackElo "2538"]
[BlackRD "63"]
[GameID "434089"]

1. e4 c5 2. Nf3 Nc6 3. Nc3 g6 4. Bb5 Bg7 5. O-O e5 6. d3 Nge7 7. Bc4 O-O 8. a3 d6 9. h3 a6 10. Nd5 b5
11. Ba2 Nxd5 12. Bxd5 Qd7 13. c3 Bb7 14. b4 Nd8 15. c4 Ne6 16. Rb1 Bxd5 17. exd5 Nd4 18. bxc5 dxc5 19. Re1 Rfe8 20. Be3 Rab8
21. h4 bxc4 22. Rxb8 Rxb8 23. dxc4 Qg4 24. Bxd4 cxd4 25. Qd3 Re8 26. Nxd4 e4 27. Qd2 Bf8 28. Nc2 Bc5 29. Qg5 f5 30. Qxg4 fxg4
31. Ne3 g3 32. fxg3 Bxa3 33. Kf2 Rb8 34. Re2 Bc5 35. Ke1 Rb4 36. Kd2 Ra4 37. Ng4 Ra2+ 38. Kd1 Rxe2 39. Kxe2 Kg7 40. Ne5 a5
41. Nd7 Bb4 42. Nb6 Kf6 43. c5 Ke5 44. c6 Bd6 45. Nc4+ Kxd5 46. Nxa5 Bc7 47. Nb3 Kxc6 48. g4 Kd5 49. Nd2 Kd4 50. Nb3+ Kd5
51. Nd2 Bb6 52. Nb1 Ba5 53. Na3 Bd8 54. g3 Bc7 55. Kf2 Be5 56. Nc2 Bd6 57. Ke3 h6 58. h5 g5 59. Ke2 Bc5=
1/2-1/2

[Event "Saturday Night Fever 24.00"]
[Site "SchemingMind.com"]
[Date "2018.10.30"]
[Round "-"]
[White "frankly"]
[Black "William Lindberg"]
[Result "1-0"]
[WhiteCountry "ENG"]
[BlackCountry "USA"]
[WhiteElo "2559"]
[WhiteRD "71"]
[BlackElo "2506"]
[BlackRD "70"]
[GameID "434090"]

1. e4 e5 2. Nf3 Nc6 3. Bb5 Nf6 4. O-O Nxe4 5. d4 Nd6 6. Bxc6 bxc6 7. dxe5 Nf5 8. Bg5 Be7 9. Bxe7 Nxe7 10. Nc3 d5
11. Qd4 O-O 12. Na4 f6 13. Nc5 Ng6 14. Rae1 fxe5 15. Nxe5 Qg5 16. Kh1 Qf6 17. c3 Bf5 18. Nxg6 Qxg6 19. Re3 h5 20. h3 Rae8
21. Rfe1 Rxe3 22. Rxe3 Re8 23. b4 Rxe3 24. Qxe3 Kh7 25. a3 Bc8 26. Qf4 Qd6 27. Qh4 g6 28. Qg5 Kg7 29. Qe3 Qf6 30. Nb3 a6
31. Nd4 Bd7 32. f4 Bf5 33. Qe5 Qxe5 34. fxe5 Bd7 35. Nb3 h4 36. Nc5 Bc8 37. Kg1 g5= 38. Kf2 Kg6 39. e6 Kf6 40. a4 Ke7
41. a5 d4 42. cxd4 Kd6 43. Kf3 Bxe6 44. Nxe6 Kxe6 45. Kg4 Kd5 46. Kxg5 Kxd4 47. Kxh4 Kc4 48. g4 Kxb4 49. g5 c5 50. g6 c4
51. g7 Ka3 52. Kg4 c3 53. g8=Q c2 54. Qc4 Kb2 55. Qb4+ Kc1 56. Kf3 c5 57. Qc3 Kd1 58. Qd3+ Kc1 59. Qb3 Kd2 60. Qb2 Kd1
61. h4 c4 62. Qd4+ Kc1 63. Ke2 Kb1 64. Qb6+
1-0

[Event "Saturday Night Fever 24.00"]
[Site "SchemingMind.com"]
[Date "2018.12.19"]
[Round "-"]
[White "Helga1946"]
[Black "davidcook"]
[Result "1/2-1/2"]
[WhiteCountry "GER"]
[BlackCountry "ENG"]
[WhiteElo "2167"]
[WhiteRD "78"]
[BlackElo "2387"]
[BlackRD "61"]
[GameID "436114"]

1. c4 e5 2. Nc3 f5 3. e4 d6 4. exf5 Bxf5 5. Be2 Nf6 6. Nf3 c5 7. d3 Be7 8. Bg5 O-O 9. Bxf6 Bxf6 10. Nd2 Nc6
11. O-O Qd7 12. Nce4 Nd4 13. Ng3 Be6 14. Nb3 Nxe2+ 15. Qxe2 b6 16. Nd2 d5 17. cxd5 Bxd5 18. Nge4 Rae8 19. b3 Rd8 20. Rad1 Bc6=
1/2-1/2

[Event "Saturday Night Fever 24.00"]
[Site "SchemingMind.com"]
[Date "2018.12.19"]
[Round "-"]
[White "davidcook"]
[Black "Helga1946"]
[Result "1-0"]
[WhiteCountry "ENG"]
[BlackCountry "GER"]
[WhiteElo "2387"]
[WhiteRD "61"]
[BlackElo "2167"]
[BlackRD "78"]
[GameID "436115"]

1. e4 e5 2. d4 Qh4 3. Nf3 Qxe4+ 4. Be2 Nc6 5. dxe5 Nxe5 6. O-O d6 7. Nc3 Qf5 8. Bd3 Nxf3+ 9. gxf3 Qh5 10. Re1+ Be7
11. Ne4 Be6 12. Ng3 Qd5 13. c4 Qc6 14. b4 Bf6 15. Rb1 O-O-O 16. b5 Qe8 17. f4 g6 18. Qa4 Kb8 19. Be3 b6 20. Be4 Ne7
21. Bc6 Nxc6 22. bxc6 Bc3 23. Bxb6 axb6 24. Re3 Bc8 25. Ne2
1-0

[Event "Saturday Night Fever 24.00"]
[Site "SchemingMind.com"]
[Date "2019.01.28"]
[Round "-"]
[White "grabapawn"]
[Black "Derek Price"]
[Result "0-1"]
[WhiteCountry "USA"]
[BlackCountry "ENG"]
[WhiteElo "1489"]
[WhiteRD "79"]
[BlackElo "2264"]
[BlackRD "77"]
[GameID "437726"]

1. d4 d5 2. Bf4 c5 3. e3 cxd4 4. exd4 Nc6 5. c3 Bf5 6. g4 Bd7 7. Nd2 Qb6 8. Qb3 Bxg4 9. f3 Bf5 10. O-O-O Nf6
11. Nh3 Nxd4 12. Qa4+ Nc6 13. Re1 e6 14. Nf2 Qxf2 15. Bg3 Qb6 16. Re5 O-O-O 17. Bb5 Nxe5 18. Bxe5 a6 19. Be2 Qe3 20. Bg3 Qxe2
21. Qa5 Bd6 22. Bxd6 Rxd6 23. Qc5+ Rc6 24. Qa7 Kc7 25. Rd1 Qd3
0-1

[Event "Saturday Night Fever 24.00"]
[Site "SchemingMind.com"]
[Date "2019.01.29"]
[Round "-"]
[White "Derek Price"]
[Black "grabapawn"]
[Result "1-0"]
[WhiteCountry "ENG"]
[BlackCountry "USA"]
[WhiteElo "2264"]
[WhiteRD "77"]
[BlackElo "1489"]
[BlackRD "79"]
[GameID "437727"]

1. c4 d6 2. d4 Nf6 3. Nf3 Nbd7 4. Nc3 e5 5. e4 Be7 6. Be2 Nf8 7. dxe5 dxe5 8. Qxd8+ Bxd8 9. Nxe5 Ng6 10. Nxg6 hxg6
11. Bf4 c6 12. O-O Nh5 13. Be3 Bc7 14. f4 g5 15. fxg5 Ng3 16. hxg3 Bxg3 17. Bf4 Bxf4 18. Rxf4 Bd7 19. Raf1 Ke7 20. Rxf7+ Kd6
21. Rd1+
1-0

[Event "Saturday Night Fever 24.00"]
[Site "SchemingMind.com"]
[Date "2019.03.01"]
[Round "-"]
[White "Derek Price"]
[Black "frankly"]
[Result "0-1"]
[WhiteCountry "ENG"]
[BlackCountry "ENG"]
[WhiteElo "2259"]
[WhiteRD "78"]
[BlackElo "2593"]
[BlackRD "63"]
[GameID "438859"]

1. c4 e5 2. Nc3 Nf6 3. Nf3 Nc6 4. g3 d5 5. cxd5 Nxd5 6. Bg2 Nb6 7. O-O Be7 8. a3 Be6 9. d3 O-O 10. b4 a5
11. b5 Nd4 12. Nd2 c6 13. bxc6 Nxc6 14. Bb2 a4 15. Rc1 Ra6 16. Re1 Na5 17. Nb5 Nb3 18. Rc2 Ra5 19. Nc7 Bc8 20. Nxb3 axb3
21. Rc1 Na4 22. Qxb3 Nc5 23. Rxc5 Bxc5 24. Nd5 Be6 25. e4 Qd6 26. Qc3 Ra6 27. Qxe5 Qxe5 28. Bxe5 Bxd5 29. exd5 Re8 30. Kf1 f6
31. Bb2 Rxe1+ 32. Kxe1 Kf8 33. Be4 Bxa3 34. Bc3 b5 35. Bxh7 b4 36. Bd2 b3 37. d4 Bb2 38. Bb4+ Kf7 39. Kd2 g6 40. d6 Bxd4
41. d7 Ra2+ 42. Kd3 Bb6 43. Kc3 Rxf2 44. Kxb3 Rxh2 45. Bxg6+ Kxg6 46. Kc4 Rh7 47. Kb5 Rxd7 48. Kxb6 f5 49. Kc5 Rd3 50. Be1 Kg5
51. Kc4 Rf3 52. Kd4 Kg4
0-1

[Event "Saturday Night Fever 24.00"]
[Site "SchemingMind.com"]
[Date "2019.03.01"]
[Round "-"]
[White "frankly"]
[Black "Derek Price"]
[Result "1-0"]
[WhiteCountry "ENG"]
[BlackCountry "ENG"]
[WhiteElo "2593"]
[WhiteRD "63"]
[BlackElo "2259"]
[BlackRD "78"]
[GameID "438860"]

1. d4 d5 2. Nf3 Nf6 3. c4 c6 4. Nc3 e6 5. Bg5 h6 6. Bh4 dxc4 7. e4 g5 8. Bg3 b5 9. Be2 Bb7 10. h4 g4
11. Ne5 h5 12. O-O Nbd7 13. Qc2 Nxe5 14. Bxe5 Bg7 15. b3 cxb3 16. axb3 O-O 17. Bg3 c5 18. e5 Nd5 19. dxc5 Nb4 20. Qc1 Qd4
21. Bxb5 Qxc5 22. Bc4 Rad8 23. Qg5 Qc6 24. f3 Qc5+ 25. Kh2 gxf3 26. gxf3 Nc2 27. Ra2 Nd4 28. Rg2 Bxf3 29. Rgf2 Bb7= 30. Ne2 Nf5
31. Rxf5 exf5 32. e6 f6 33. Qg6 Qe7 34. Bf4 Bd5 35. Rg1 Bxc4 36. bxc4 Rfe8 37. Ng3 Qb7 38. Nxf5 Rxe6 39. Rg2 Re7 40. Nh6+ Kh8
41. Qxh5 Qe4 42. Nf5+ Kg8 43. Nxe7+ Qxe7 44. Bh6 Qc7+ 45. Kh1 Rd7 46. Qe8+ Kh7 47. Qxd7 Qxd7 48. Rxg7+ Qxg7 49. Bxg7
1-0